• 首页
  • 本馆介绍
  • 公告通知
  • 最新文献
  • 馆藏检索
  • 电子资源
  • 读者导购
  • 参考咨询
  • 我的图书馆
  • 登录
  • 详细信息显示
  • 放入我的书架
  • 预约/预借图书
  • 作者相关作品
  • 分类相关作品
  • 丛书相关作品
  • 出版社相关作品

书目信息

  • 表格格式
  • 工作单格式
  • 卡片格式
题名:
机械设计基础
    
 
作者: 卢玉明 , 余长庚 主编
分册:  
出版信息: 北京   高等教育出版社  1989
页数: 372
开本: 20cm
丛书名:
单 册:
中图分类: TH181
科图分类:
主题词: 机械工厂--设计 , 机械工厂--规划
电子资源:
ISBN: 7-04-002024-6
000 00704nam0 2200229 450
001 0754114953
005 20070929150154.95
010    @a7-04-002024-6
100    @a20070929d km y0chiy0120 ea
101 0  @achi
200 1  @a机械设计基础@Aji xie she ji ji chu@e机械原理及零件@f余长庚,卢玉明 主编@Fyu chang geng,lu yu ming zhu bian
205    @a5版
210    @a北京@c高等教育出版社@d1989
215    @a372@c插图@d20cm
517 1  @a机械原理及零件@Aji xie yuan li ji ling jian
606 0  @a机械工厂@x设计
606 0  @a机械工厂@x规划
690    @aTH181@v3
701  0 @a卢玉明@Alu yu ming@4主编
701  0 @a余长庚@Ayu chang geng@4主编
801  0 @aCN@bPFT@c20070929
905    @a213230@dTH181@eh1=5@f1
    
    机械设计基础:机械原理及零件/余长庚,卢玉明 主编.-5版.-北京:高等教育出版社,1989
    372:插图;20cm
    
    
    ISBN 7-04-002024-6:
    
●
相关链接 在E读中查询图书 在五车中查询图书 在当当中查询图书 在豆瓣中查询图书


正题名:机械设计基础     索取号:TH181/h1=5         预约/预借

序号 登录号 条形码 馆藏地/架位号 状态 备注
1 6000599   260005997   密集书库-化学系/ [索取号:TH181/h1=5] 在馆    
2 6000600   260006004   密集书库-化学系/ [索取号:TH181/h1=5] 在馆    
3 6000601   260006013   密集书库-化学系/ [索取号:TH181/h1=5] 在馆    
4 6000602   260006022   密集书库-化学系/ [索取号:TH181/h1=5] 在馆    
5 6000603   260006031   密集书库-化学系/ [索取号:TH181/h1=5] 在馆    
唐山师范学院图书馆 欢迎您!
大连网信软件有限公司© 版权所有